000 004900000a22001810004500
003 MACL
005 20150712152255.0
008 150712b xxu||||| |||| 00| 0 eng d
040 _aMACL
_cMACL
041 _aEnglish
082 _a320/LEE
100 _aGandhi, Leela
_91939
245 _aAffective Communities
_bAnticolonial Thought And The Polities Of Friendship
260 _bPermanent Black
_c2007
_aNew Delhi
350 _a495
650 _aPolitical Science
_988
942 _cBK
_k320
_2ddc
999 _c8321
_d8321